000 00883nam a2200205 u 4500
001 000211590
003 AM-YeHGA
005 20250617124148.0
008 001206s1975 ru |||||||||||||||0|rus|d
040 _aAM-YeHGA
041 0 _arus
245 0 0 _aЭлектромагнитное сверхизлучение :
_bТематический сборник /
_cПод общ. ред. В.А. Голенищева-Кутузова ; АН СССР. Казанский фил. Физико-технический ин-т.
260 _aКазань :
_bКазан. физ.-техн. ин-т,
_c1975.
300 _a428 с.
650 1 4 _aЯдерная физика
700 1 _aГоленищев-Кутузов, Вадим Алексеевич
_eред.
_4edt
710 2 _aКазанский физико-технический институт
942 _2udc
_cBK
090 _c75165
999 _c73943
_d73943